Scholastic First Picture Dictionary (Revised) (Record no. 125007)

MARC details
000 -LÍDER
campo de controle de tamanho fixo 00607 a2200145 4500
001 - NÚMERO DE CONTROLE
campo de controle 125007
020 ## - ISBN - INTERNATIONAL STANDARD BOOK NUMBER
ISBN - International Standard Book Number 9780545137690
040 ## - FONTE DA CATALOGAÇÃO
Instituição que transcreveu o registro Escola Canadense de Niteroi
100 ## - ENTRADA PRINCIPAL--NOME PESSOAL
Nome pessoal Scholastic
245 10 - TÍTULO
Título Scholastic First Picture Dictionary (Revised)
250 ## - EDIÇÃO
Edição Revised Edition
362 0# - DATAS DE PUBLICAÇÃO E/OU DESIGNAÇÃO SEQUENCIAL
Datas de publicação e/ou designação sequencial 2009
520 ## - NOTA DE RESUMO, ETC
Resumo, etc. With an oversize trim and a new cover that shines, this picture dictionary organizes words by category for a holistic approach to vocabulary acquisition. Colour-coded sections for easy reference highlight important words that relate to our bodies, home, school, nature, and more!
942 ## - ELEMENTOS DE ENTRADA ADICIONADOS (KOHA)
Tipo de material Koha Livros
Holdings
Situação do descarte Situação das perdas Situação física Não pode ser emprestado Biblioteca de origem Biblioteca atual Data de aquisição Total de empréstimos Código de barras Data de último acesso Data do preço efetivo Tipo de material Koha
        Canadian School of Niterói - Piratininga Canadian School of Niterói - Piratininga 09/02/2024   A02854 09/02/2024 09/02/2024 Livros
        Canadian School of Niterói - Piratininga Canadian School of Niterói - Piratininga 09/02/2024   A03359 09/02/2024 09/02/2024 Livros